Výklad zákona o štátnej službe

Výklad jednotlivých častí a paragrafov zákona o štátnej službe. Štátnozamestnanecký pomer - vznik, zmena a skončenie. Práva a povinnosti štátneho zamestnanca. Podmienky vykonávania štátnej služby. Prehlbovanie kvalifikácie štátnych zamestnancov. Odmeňovanie zamestnancov a ďalšie náležitosti. Nemocen...

Description complète

Enregistré dans:
Détails bibliographiques
Auteur principal: Buchtová, Mária
Format: Chapitre de livre
Langue:slovaque
Sujets:
Tags: Ajouter un tag
Pas de tags, Soyez le premier à ajouter un tag!

MARC

LEADER 00000naa a2200000 4500
001 r043985
005 20231002081127.2
041 0 |a slo 
044 |a SK 
245 1 0 |a Výklad zákona o štátnej službe  |c Mária Buchtová ...[et al.] 
520 |a Výklad jednotlivých častí a paragrafov zákona o štátnej službe. Štátnozamestnanecký pomer - vznik, zmena a skončenie. Práva a povinnosti štátneho zamestnanca. Podmienky vykonávania štátnej služby. Prehlbovanie kvalifikácie štátnych zamestnancov. Odmeňovanie zamestnancov a ďalšie náležitosti. Nemocenské zabezpečenie štátnych zamestnancov. Náhrada škody. Činnosť odborových orgánov. Konanie vo veciach štátnozamestnaneckého pomeru. Kolektívne vyjednávanie v štátnej službe. Spoločné, prechodné a záverečné ustanovenia. 
610 2 0 |a služba štátna 
610 2 0 |a zamestnanci štátni 
610 2 0 |a Úrad pre štátnu službu SR Bratislava 
610 2 0 |a správa štátna 
610 2 0 |a zákony 
610 2 0 |a Slovensko 
610 2 0 |a 2001 
100 1 |a Buchtová, Mária